Flagi państw historycznych Azji - Statystyki

Ogólne statystyki
  • Ten quiz został rozwiązany 175 razy
  • Średni wynik to 10 z 45
Statystyki odpowiedzi
Obrazkowy Odpowiedź % Poprawnych
Tybet
80%
Imperium Rosyjskie
72%
Dynastia Qing (Chiny)
71%
Cesarstwo Iranu
66%
Republika Chińska
64%
Wietnam Południowy
60%
Cesarstwo Rzymskie (Bizancjum)
54%
Mandżukuo (Cesarstwo Mandżurskie)
48%
Emirat Afganistanu
45%
Chanat Kazachski
40%
Państwo Birma
40%
Królestwo Joseon (Korea)
39%
Królestwo Laosu
33%
Królestwo Syjamu
33%
Królestwo Jemenu
28%
Siogunat Tokugawa (Japonia)
28%
Tuwińska Republika Ludowa
24%
Królestwo Kambodży
17%
Królestwo Wielkiej Syrii
14%
Chanat Chiwy
11%
Cesarstwo Brunei
10%
Królestwo Jerozolimy
10%
Republika Filipin
10%
Republika Tajwanu (Formozy)
10%
Bejlik Karamanu
9%
Chanat Buchary
9%
Emirat Nadżdu
9%
Republika Dalekiego Wschodu
8%
Królestwo Riukiu
7%
Orda Nogajska
6%
Sułtanat Aceh
6%
Imperium Mogołów
4%
Królestwo Kurdystanu
4%
Oman Traktatowy
4%
Imperium Majapahit
3%
Imperium Marathów
3%
Królestwo Sarawaku
3%
Królestwo Sikkim
3%
Państwo Hatay
3%
Republika Mahabadzka
3%
Ormiańskie Królestwo Cylicji
2%
Federacja Arabii Południowej
1%
Księstwo Hajdarabadu
1%
Republika Wschodniego Turkiestanu
1%
Sułtanat Sulu
1%
Nie znaleziono quizów pasujących do podanych kryteriów
Rozkład punktacji
Procent ludzi z każdym wynikiem
Percentyl według liczby udzielonych odpowiedzi
Twoja historia wyników
Nie rozwiązałeś tego quizu